Conferencias de Gregorio García Castro : (Registro nro. 7143)

Detalles MARC
000 -LIDER
fixed length control field 00996nam a2200241 a 4500
001 - NÚMERO DE CONTROL
Identificador de número de control 000026578
003 - IDENTIFICACDOR DE NÚMERO DE CONTROL
control field 000026578
005 - DATE AND TIME OF LATEST TRANSACTION
control field 20180213105415.0
008 - ELEMENTOS DE LONGITUD FIJA
fixed length control field 110323s2001 dr 001 | spa d
040 ## - FUENTE DE CATALOGACIÓN
Agencia que crea de manera original el registro BPMET
Idioma de catalogación spa
Agencia que realiza la transcripción BPMET
049 ## - LOCAL HOLDINGS (OCLC)
Holding library BNPD
100 1# - ASIENTO PRINCIPAL -- NOMBRE PERSONAL
Nombre personal García Castro, Gregorio,
Fechas asociadas con el nombre 1935-1973
245 10 - MENCIÓN DE TITULO
Título Conferencias de Gregorio García Castro :
Subtítulo comunicación social y libertad de expresión, disertaciones durante su exilio pot-golpe de estado de 1963 y el régimen de los 12 años /
Mención de responsabilidad Gregorio García Castro ; edición de Enrique García Frómeta.
260 ## - PUBLICACIÓN, DISTRIBUCIÓN, ETC. (PIE DE IMPRENTA)
Lugar de publicación, distribución, etc Santo Domingo :
Nombre del editor, distribuidor, etc. Gráfica William
Fecha de publicación, distribución, etc 2001.
300 ## - DESCRIPCIÓN FÍSICA
Extensión 163 p. :
Otros detalles físicos il. retrs.
Dimensiones 22 cm.
500 ## - NOTA GENERAL
Nota general Incluye disertaciones durante su exilio post-golpe de estado de 1963 y en el régimen de los 12 años.
500 ## - NOTA GENERAL
Nota general Incluye índice onomástico.
505 0# - NOTA DE CONTENIDO
Título
700 1# - ASIENTO SECUNDARIO -- NOMBRE PERSONAL
Nombre personal García Frómeta, Enrique,
Mención de responsabilidad ed.
942 ## - ADDED ENTRY ELEMENTS (KOHA)
Source of classification or shelving scheme Dewey Decimal Classification
Koha item type Libros
945 ## - INFORMACIÓN DE PROCESAMIENTO LOCAL
Información de procesamiento local inventariado, 2018 / dg
956 ## - LOCAL ELECTRONIC LOCATION AND ACCESS (OCLC)
Nombre de host VMATEO
Número de acceso 10
Información de compresión 20150914
Inicio de sesión BPMSU
Procesador de solicitud 0069
Existencias
Withdrawn status Lost status Source of classification or shelving scheme Damaged status Not for loan Collection code Home library Current library Date acquired Source of acquisition Total Checkouts Barcode Date last seen Price effective from Koha item type Copy number
    Dewey Decimal Classification     Colección Dominicana Biblioteca Pública Metropolitana Salomé Ureña Biblioteca Pública Metropolitana Salomé Ureña 07/14/2014 Sin sellar   BPMSU15040555 07/14/2014 07/14/2014 Libros  
    Dewey Decimal Classification     Colección Dominicana Biblioteca Pública Metropolitana Salomé Ureña Biblioteca Pública Metropolitana Salomé Ureña 07/14/2014 s   BPMSU15040556 07/14/2014 07/14/2014 Libros e. 2